000 00334nam a2200133Ia 4500
008 240624s9999 xx 000 0 und d
041 _aeng
082 _a658.049 GUP
100 _aGUPTA SONIA
245 _aINTERNATIONAL BUSINESS
260 _c2015
_aNew Delhi
_bTata McGraw - Hill
300 _a650 : p. : cm. ; 28
365 _cRS
_b33
999 _c26068
_d26068